Termitidae (insecta: Isoptera) de Colombia (Registro nro. 5167)

Detalles MARC
000 -CABECERA
Campo de control 00591nam a2200205 a 4500
005 - FECHA Y HORA DE LA ULTIMA TRANSACCION
Campo de control 20200529132621.0
008 - ELEMENTOS DE LONGITUD FIJA—INFORMACION GENERAL
Campo de control 140318b2004 ck ||||| |||| 00| 0 spa d
040 ## - FUENTE DE CATALOGACIÓN
Agencia catalogadora original CO-BoIAVH
Agencia transcriptora CO-BoIAVH
041 ## - IDIOMA
Código de idioma para texto/pista de sonido o título separado Español
044 ## - PAÍS DE PUBLICACIÓN
País de publicación Colombia
082 ## - NUMERO DE CLASIFICACION DECIMAL DEWEY
Número de clasificación 595.736
090 ## - CLASIFICACIÓN LOCAL
Colección LB
Consecutivo 04530
100 ## - ASIENTO PRINCIPAL--NOMBRE PERSONAL
Nombre personal Vargas Niño, Andrea Patricia
245 ## - MENCION DE TITULO
Título Termitidae (insecta: Isoptera) de Colombia
Parte restante del título claves genéricas y distribución geográfica
260 ## - PUBLICACION, DISTRIBUCION, ETC. (PIE DE IMPRENTA)
Lugar de publicación, distribución, etc. Bogotá
Nombre del editor, distribuidor, etc. Pontificia Universidad Javeriana
Fecha de publicación, distribución, etc. 2004
300 ## - DESCRIPCION FISICA
Extensión 129 p.
650 #0 - ASIENTO SECUNDARIO DE MATERIA - TERMINO TEMATICO
Término temático o nombre geográfico como elemento de entrada Termitas
942 ## - ELEMENTOS ADICIONALES (KOHA)
Tipo de ítem Libro
Sistema de clasificación Local
945 ## - PROCESAMIENTO LOCAL
AAAA-MM-DD - Fecha de ingreso o modificacion 2006-01-16
Existencias
Withdrawn status Lost status Sistema de Clasificación Damaged status No para préstamo Colección Inventariado Ubicación Permanente Ubicación actual Fecha de adquisición Fuente de Valor Total Checkouts Número topográfico Inventario / Código de Barras Date last seen Ejemplar Price effective from Forma de adquisición Tipo de material Public note
    Local     Entomología Inventariado 2017 Villa de Leyva Villa de Leyva 16/01/2006 Castillo, Enrique   LB-04530 022877 04/12/2012 Ej. 1 04/12/2012   Libro  
    Local     General   Villa de Leyva Villa de Leyva 18/01/2006 Castillo, Enrique   LB-04530 022924 04/12/2012 Ej. 2 04/12/2012   Libro Termitidae (insecta: Isoptera) de Colombia